000 00306nam a22001337a 4500
008 170221b xxu||||| |||| 00| 0 eng d
020 _a9780974051505
041 _aeng
080 _a615
100 _a5
101 _aSHF
245 _aDRUG LOCALIZATION IN TISSUES AND CELLS
_cSTUMPF, W.E
942 _2udc
_cBK
999 _c5914
_d5914